| 000 | 00768nam a22002537a 4500 | ||
|---|---|---|---|
| 003 | 0 | ||
| 005 | 20180721104344.0 | ||
| 008 | 0 | ||
| 010 | _aA-896389 | ||
| 020 |
_c00.00 _a817533052 |
||
| 035 | _aA-896389, A-896390 | ||
| 037 | _bCen Lib/Ret | ||
| 040 |
_aDPL _bEN _c0 |
||
| 082 |
_a338.954 _bNOM |
||
| 100 |
_aNoman Ahmad, Syed _911137 |
||
| 245 |
_aRapid rular transformation through voluntary action / _cby Syed Noman Ahamd |
||
| 260 |
_aNew Delhi _bM D Publications _c1997 |
||
| 270 |
_bNew Delhi _aB/23-E, Greater Kailash _e110048 |
||
| 300 |
_a132p. _c22cmHb) |
||
| 500 | _aIncludes bibliographic references and index | ||
| 650 |
_aEconomic transformation _911138 |
||
| 650 |
_aRular economic _911139 |
||
| 942 |
_2ddc _cEN _h338.954 _mNOM |
||
| 999 |
_c124553 _d124553 |
||